000 00356nam a2200145 i 4500
001 bg
100 1 _aPUZUREWSKI, Romuald
245 0 _aPodstawy mechaniki płynów /
_cRomuald Puzurewski.
250 _aWyd.2 popr.i uzupeł.
260 _aSzczecin,
_c1977.
040 _cBPK
041 _apol
942 _cKS
008 s pl f |000 0 pol
999 _c27644
_d27644
856 _uhttp://koha.tu.koszalin.pl/cgi-bin/koha/opac-detail.pl?biblionumber=27644
_yKatalog online BPK